La verité sur le massacre des romanov / (Record no. 86079)

MARC details
000 -LEADER
campo de control de longitud fija 00525nam a2200169 i 4500
001 - NÚMERO DE CONTROL
campo de control 86079
003 - IDENTIFICADOR DE NÚMERO DE CONTROL
campo de control ES-MaACL
005 - FECHA Y HORA DE LA ÚLTIMA TRANSACCIÓN
campo de control 20230906175353.0
007 - CAMPO FIJO DE DESCRIPCIÓN FÍSICA--INFORMACIÓN GENERAL
campo de control de longitud fija t|
008 - DATOS DE LONGITUD FIJA--INFORMACIÓN GENERAL
campo de control de longitud fija 041207s1936 fr ||||1| fre d
100 1# - ENTRADA PRINCIPAL--NOMBRE DE PERSONA
Nombre de persona Kerenskii, Aleksandr Fiodorovich.
9 (RLIN) 67892
245 13 - MENCIÓN DEL TÍTULO
Título La verité sur le massacre des romanov /
Mención de responsabilidad, etc. Alexandr Kerenski ; preface de Bernanrd Parés.
260 ## - PUBLICACIÓN, DISTRIBUCIÓN, ETC.
Lugar de publicación, distribución, etc. Paris :
Nombre del editor, distribuidor, etc. [s.n.,
Fecha de publicación, distribución, etc. 1936] (
Lugar de fabricación/manufactura Mayenne :
Fabricante Floch)
300 ## - DESCRIPCIÓN FÍSICA
Extensión 272 p. ;
Dimensiones 23 cm.
700 1# - ENTRADA AGREGADA--NOMBRE PERSONAL
Nombre de persona Parés, Bernard.
9 (RLIN) 89098
852 ## - LOCALIZACIÓN
Ubicación ES-MaACL
Número de control de estantería A-4159
Holdings
Estatus retirado Estado de pérdida Estado de daño No para préstamo Biblioteca de origen Biblioteca actual Ubicación en estantería Fecha de adquisición Fuente de adquisición Total de préstamos Signatura topográfica completa Código de barras Visto por última vez Precio de reemplazo Tipo de ítem Koha
        Biblioteca del Ateneo de Madrid Biblioteca del Ateneo de Madrid Sala Pecera Planta 1 17/01/2008     A-4159 1089946 23/02/2023 23/02/2023 Libro impreso